000 00261nam a2200097Ia 4500
001 639911
005 20250826153437.0
008 250824s9999 xx 000 0 und d
245 0 _aGÖNÜL YAKINLIKLARI ANTİK YENİ
_cGOETHE
260 _bANTİK DÜNYA KLASİKLERİ
999 _c639911
_d639911